| 000 | 00366nam a2200121Ia 4500 | ||
|---|---|---|---|
| 008 | 220901s9999||||xx |||||||||||||| ||und|| | ||
| 082 | _a001.605 ACM | ||
| 100 |
_aACM(Association Computing Machinery) _914230 |
||
| 245 | 0 | _aACM SIGPER | |
| 250 | _aVol. 37 Issue No. 1 | ||
| 260 |
_bACM(Association Computing Machinery) _c2009 |
||
| 650 | _aPerformance Evaluation Review | ||
| 999 |
_c193364 _d193364 |
||